Library Banner

Costumes and characters of the British Raj / (Record no. 120687)

MARC details
000 -LEADER
fixed length control field 00602nam a2200193 a 4500
001 - CONTROL NUMBER
control field 435785
005 - DATE AND TIME OF LATEST TRANSACTION
control field 20201216141543.0
008 - FIXED-LENGTH DATA ELEMENTS--GENERAL INFORMATION
fixed length control field 830617s1982 enka 000 0 eng
020 ## - INTERNATIONAL STANDARD BOOK NUMBER
International Standard Book Number 0906671426
040 ## - CATALOGING SOURCE
Transcribing agency PK-LaUMT
082 00 - DEWEY DECIMAL CLASSIFICATION NUMBER
Classification number 954.0350924
Item number BAT-C
100 1# - MAIN ENTRY--PERSONAL NAME
Personal name Battye, Evelyn
245 10 - TITLE STATEMENT
Title Costumes and characters of the British Raj /
Statement of responsibility, etc by Evelyn Battye ; illustrated by Cecil Elgee ; introduction by M.M. Kaye.
260 ## - PUBLICATION, DISTRIBUTION, ETC. (IMPRINT)
Place of publication, distribution, etc Exeter, England :
Name of publisher, distributor, etc Webb & Bower,
Date of publication, distribution, etc 1982
300 ## - PHYSICAL DESCRIPTION
Extent 79 p. :
Other physical details ill. (some col.) ;
Dimensions 24 cm.
650 #0 - SUBJECT ADDED ENTRY--TOPICAL TERM
Topical term or geographic name as entry element Costume
Geographic subdivision India.
700 1# - ADDED ENTRY--PERSONAL NAME
Personal name Elgee, Cecil.
942 ## - ADDED ENTRY ELEMENTS (KOHA)
Koha item type Books
Holdings
Withdrawn status Lost status Damaged status Home library Current library Date acquired Full call number Barcode Date last seen Price effective from Koha item type
      UMT Main Campus UMT Main Campus 2020-12-16 954.0350924 BAT-C 135922 2023-02-15 2020-12-16 Books